255系の駅名対象表 - Statistics

General Stats
  • This quiz has been taken 77 times
  • The average score is 58 of 89
Answer Stats
Hint Answer % Correct
06 特急(1〜5号車指定席)
98%
05 特急(1〜9号車指定席)
98%
07 特急(2〜5号車指定席)
98%
08 特急(3〜5号車指定席)
98%
10 特急(4号車指定席)
98%
09 特急(4〜5号車指定席)
98%
01 回送
92%
02 試運転
90%
13 普通
88%
12 快速
86%
36 特急わかしお東京(1〜5号車指定席)
86%
37 特急わかしお東京(1〜9号車指定席)
86%
20 特急わかしお東京(2〜5号車指定席)
86%
21 特急わかしお東京(3〜5号車指定席)
86%
22 特急わかしお東京(4号車指定席)
86%
23 特急わかしお東京(4〜5号車指定席)
86%
03 臨時
85%
04 団体
81%
28 特急わかしお安房鴨川(1〜5号車指定席)
81%
39 特急わかしお安房鴨川(1〜9号車指定席)
81%
29 特急わかしお安房鴨川(2〜5号車指定席)
81%
30 特急わかしお安房鴨川(3〜5号車指定席)
81%
31 特急わかしお安房鴨川(4〜5号車指定席)
81%
52 特急さざなみ東京(1〜5号車指定席)
78%
57 特急さざなみ東京(1〜9号車指定席)
78%
54 特急さざなみ東京(2〜5号車指定席)
78%
55 特急さざなみ東京(3〜5号車指定席)
78%
63 特急さざなみ東京(4号車指定席)
78%
56 特急さざなみ東京(4〜5号車指定席)
78%
11 急行
75%
70 特急しおさい東京(1〜5号車指定席)
75%
66 特急しおさい東京(1〜9号車指定席)
75%
67 特急しおさい東京(2〜5号車指定席)
75%
68 特急しおさい東京(3〜5号車指定席)
75%
78 特急しおさい東京(4号車指定席)
75%
69 特急しおさい東京(4〜5号車指定席)
75%
26 特急わかしお勝浦(1〜5号車指定席)
73%
80 特急しおさい銚子(1〜5号車指定席)
73%
27 特急わかしお勝浦(1〜9号車指定席)
73%
65 特急さざなみ君津(1〜9号車指定席)
73%
74 特急しおさい銚子(1〜9号車指定席)
73%
25 特急わかしお勝浦(2〜5号車指定席)
73%
53 特急さざなみ君津(2〜5号車指定席)
73%
81 特急しおさい銚子(2〜5号車指定席)
73%
64 特急さざなみ君津(3〜5号車指定席)
73%
72 特急しおさい銚子(3〜5号車指定席)
73%
35 特急わかしお勝浦(4〜5号車指定席)
73%
58 特急さざなみ君津(4〜5号車指定席)
73%
73 特急しおさい銚子(4〜5号車指定席)
73%
32 特急わかしお上総一ノ宮(1〜5号車指定席)
69%
33 特急わかしお上総一ノ宮(1〜9号車指定席)
69%
34 特急わかしお上総一ノ宮(2〜5号車指定席)
69%
24 特急わかしお上総一ノ宮(4号車指定席)
69%
38 特急わかしお上総一ノ宮(4〜5号車指定席)
69%
59 特急さざなみ館山(1〜5号車指定席)
66%
62 特急さざなみ館山(1〜9号車指定席)
66%
60 特急さざなみ館山(2〜5号車指定席)
66%
61 特急さざなみ館山(3〜5号車指定席)
66%
75 特急しおさい成東(1〜5号車指定席)
64%
83 特急しおさい成東(1〜9号車指定席)
64%
76 特急しおさい成東(2〜5号車指定席)
64%
77 特急しおさい成東(4号車指定席)
64%
71 特急しおさい成東(4〜5号車指定席)
64%
47 特急新宿さざなみ新宿(1〜5号車指定席)
59%
50 特急新宿さざなみ館山(1〜5号車指定席)
59%
48 特急新宿さざなみ新宿(1〜9号車指定席)
59%
51 特急新宿さざなみ館山(1〜9号車指定席)
59%
49 特急新宿さざなみ新宿(3〜5号車指定席)
59%
15 特急新宿わかしお新宿(1〜5号車指定席)
47%
18 特急新宿わかしお安房鴨川(1〜5号車指定席)
47%
16 特急新宿わかしお新宿(1〜9号車指定席)
47%
19 特急新宿わかしお安房鴨川(1〜9号車指定席)
47%
17 特急新宿わかしお新宿(3〜5号車指定席)
47%
79 特急あやめ鹿島神宮(3〜5号車指定席)
47%
44 特急わかしお安房鴨川(勝浦から普通)(1〜5号車指定席)
31%
42 特急わかしお安房鴨川(勝浦から普通)(1〜9号車指定席)
31%
43 特急わかしお安房鴨川(勝浦から普通)(2〜5号車指定席)
31%
45 特急わかしお安房鴨川(勝浦から普通)(4〜5号車指定席)
31%
89 ホームライナー千葉
27%
40 特急わかしお東京(勝浦まで普通)(3〜5号車指定席)
25%
41 特急わかしお東京(勝浦まで普通)(4号車指定席)
25%
90 ホームライナー津田沼
17%
84 特急初日の出号(1〜6号車指定席)
14%
46 普通安房鴨川(4号車指定席)
14%
82 特急かいじ千葉(1〜5号車指定席)
8%
87 特急ウィングエクスプレス東京(1〜9号車指定席)
8%
88 特急ウィングエクスプレス成田空港(1〜9号車指定席)
8%
86 特急成田山初詣号(1〜6号車指定席)
7%
85 特急成田山初詣号(1〜9号車指定席)
7%
No matching quizzes found
Score Distribution
Percent of People with Each Score
Percentile by Number Answered
Your Score History
You have not taken this quiz